000 00657nam a22002297a 4500
003 UA-OsUOA
001 80142
007 ta
008 20111130b un ||||| |||| 00| 0 ukr d
100 _aСабадаш В.
700 _aТур О.
090 _a330(477)
_bС12
942 _cSA
040 _aUA-OsUOA
_bukr
_cUA-OsUOA
_dUA-OsUOA
245 _aЕкономіко-екологічні моделі розвитку національної економіки
300 _aС.59-64
955 _a0
041 _aukr
080 _a330(477)
773 0 _w80136
_tЕкономіст
_dК.
_d2011
_g10
650 7 _a330 Економіка взагалі
_2UDC
999 _c366458
_d366458